00534 2200193 4500001002100000008004100021035002000062245004100082100002600123260004500149300002100194020002200215082001100237650004000248990001300288990001300301990001300314990001300327INLIS000000000000356 ind  a0010-0423000356 aCHAIRUL TANJUNG - (SI ANAK SINGKONG) aTJAHJA GUNAWA DIREDJA aJAKARTAbPT KOMPAS MEDIA NUSANTARAc2012 a384 hlm.c23 cm. a978-979-709-650-2 a920598 aBIOGRAFI - INDONESIAM (ORANG-ORANG) a102666-3 a102666-1 a102666-2 a102666-4